000 01012cam a2200169 4500500
005 20260405064652.0
041 _afre
042 _adc
100 1 0 _aBodiguel, Jacques
_eauthor
700 1 0 _aArnaud, Paul
_eauthor
700 1 0 _aBrosse, Nicolas
_eauthor
700 1 0 _aJamart, Brigitte
_eauthor
245 0 0 _aLes cours de Paul Arnaud - Exercices résolus de chimie organique
260 _bDunod,
_c2016.
520 _aCe recueil d'exercices résolus couvre les bases de la chimie organique : structure des molécules, isomérie, stéréochimie, mécanismes réactionnels, fonctions simples, principales fonctions multiples et mixtes. Il constitue un complément naturel à la 19e édition du Cours de chimie organique des mêmes auteurs, mais il peut être utilisé indépendamment de celui-ci. Cette nouvelle édition actualisée s'enrichit d'exercices supplémentaires.
856 4 1 _uhttps://stm.cairn.info/exercices-resolus-de-chimie-organique--9782100754168?lang=fr&redirect-ssocas=7080
999 _c2189921
_d2189921